000 00361nam a22001337a 4500
005 20200619142203.0
008 200619b xxu||||| |||| 00| 0 eng d
082 _a345.4 LIC
110 _aALL INDIA REPORTER
_96224
245 _aLABOUR AND INDUSTRIAL CASES [1972] V-5
260 _aMUMBAI
_bALL INDIA REPORTER Pvt.Ltd.
_c1972
650 _aLAW
_95701
942 _cJRL
999 _c7320
_d7318